|
|
|
|
| LEADER |
00976nam a22002297a 4500 |
| 001 |
AAL7535 |
| 003 |
BD-DhAAL |
| 005 |
20160203104205.0 |
| 008 |
160203s 2004bd |||| b||| 001 0 ben d |
| 020 |
|
|
|a 9848193906
|
| 040 |
|
|
|a BD-DhAAL
|c BD-DhAAL
|
| 082 |
|
|
|a 954/.14
|
| 100 |
|
|
|a হায়দার, জুলফিকার
|9 17697
|
| 245 |
|
|
|a বাংলার সশস্ত্র কৃষক সংগ্রাম /
|c জুলফিকার হায়দার
|
| 260 |
|
|
|a ঢাকা :
|b অ্যাডর্ন পাবলিকেশন,
|c ২০০৪.
|
| 300 |
|
|
|a ১৮৪ পৃ. ;
|c ২২ সে.মি.
|
| 504 |
|
|
|6 Includes bibliography and index.
|
| 541 |
|
|
|e 7535
|
| 650 |
|
|
|a Peasant uprisings
|x Bengal
|x History
|z India
|9 17698
|
| 942 |
|
|
|2 ddc
|c BK
|
| 999 |
|
|
|c 36756
|d 36756
|
| 952 |
|
|
|0 0
|1 0
|2 ddc
|4 0
|6 954_000000000000000__14_HAY
|7 0
|9 57839
|a SCL
|b SCL
|c GEN
|d 2016-02-03
|g 170.00
|l 10
|m 8
|o 954.14 HAY
|p 3020007535
|r 2025-03-17
|s 2025-03-10
|t 1
|w 2016-02-03
|y BK
|